| 000 | 00384 a2200121 4500 | ||
|---|---|---|---|
| 020 | _a0065004914 | ||
| 082 | _a624.18341 MCC | ||
| 100 | _aMcCormac, Jack C. | ||
| 245 |
_aDesign of reinforced concrete _cJack C. McCormac. |
||
| 250 | _a3rd ed. | ||
| 260 |
_aNew York : _bHarperCollins College Publishers, _c1993. |
||
| 300 |
_ax, 693 p. : _bill. ; _c25 cm. + _eFloppy disk |
||
| 650 | _aReinforced concrete construction. | ||
| 999 |
_c335 _d335 |
||